[Event "Frankfurt-chA"]
[Site "Frankfurt"]
[Date "2022.05.16"]
[Round "4"]
[White "Hambel, Christoph"]
[Black "Wagner, Guenter"]
[Result "1/2-1/2"]
[WhiteElo "1818"]
[BlackElo "1710"]
[PlyCount "100"]
[EventDate "2022.04.25"]
[EventType "swiss"]
[EventRounds "7"]
[EventCountry "GER"]
[SourceTitle "EXT 2023"]
[Source "ChessBase"]
[SourceDate "2022.10.05"]
[SourceVersion "1"]
[SourceVersionDate "2022.10.05"]
[SourceQuality "1"]

1. c4 Nf6 2. Nc3 d6 3. g3 g6 4. Bg2 Bg7 5. d3 c5 6. Nf3 0-0 7. 0-0 Nc6 8. Bd2 Rb8 9. Ne1 e5 10. Nc2 a6 11. Ne3 Bd7 12. Ncd5 Nxd5 13. Nxd5 Ne7 14. Nc3 Bc6 15. e4 b5 16. Qc1 b4 17. Nd1 f5 18. f4 a5 19. Ne3 exf4 20. gxf4 Bd4 21. Kh1 a4 22. Rb1 Qc8 23. Be1 Qb7 24. Nd5 Nxd5 25. exd5 Bd7 26. Bh4 Rbe8 27. Qc2 Bf6 28. Qf2 Qc8 29. Bxf6 Rxf6 30. Bf3 Rf7 31. Rg1 Ree7 32. h4 Rg7 33. Rbe1 Qf8 34. d4 Rxe1 35. Rxe1 Re7 36. Rg1 Rg7 37. dxc5 dxc5 38. Re1 Re7 39. Re5 Qf6 40. Qe1 Kf8 41. Kg2 h6 42. Kh3 h5 43. Qe3 Qd6 44. Kg3 Kf7 45. Bd1 Kf6 46. Rxe7 Qxe7 47. Qf2 Qe4 48. Qxc5 Qe1+ 49. Kg2 Qd2+ 50. Kg3 Qe1+ 1/2-1/2

[Event "DSOL 04 Liga Gr-A 1st"]
[Site "Playchess.com INT"]
[Date "2020.08.14"]
[Round "2.3"]
[White "Metzler, Jonas"]
[Black "Hambel, Christoph"]
[Result "1-0"]
[WhiteElo "1834"]
[BlackElo "1832"]
[PlyCount "71"]
[EventDate "2020.06.22"]
[EventType "team-tourn (rapid)"]
[EventCountry "GER"]
[SourceTitle "EXT 2021"]
[Source "ChessBase"]
[SourceDate "2020.10.23"]
[SourceVersion "1"]
[SourceVersionDate "2020.10.23"]
[SourceQuality "1"]
[WhiteTeam "Ostertal"]
[BlackTeam "Eisenberg"]
[WhiteTeamCountry "GER"]
[BlackTeamCountry "GER"]

1. e4 e6 2. d4 d5 3. Nd2 Nf6 4. e5 Nfd7 5. Bd3 c5 6. c3 Nc6 7. Ne2 f6 8. f4 Qb6 9. Nf3 fxe5 10. fxe5 cxd4 11. cxd4 Be7 12. a3 0-0 13. h4 Rf7 14. b4 Nf8 15. h5 Bd7 16. h6 g6 17. b5 Na5 18. 0-0 Rc8 19. a4 Nc4 20. Qe1 Rxf3 21. gxf3 Nxe5 22. a5 Nxd3 23. axb6 Nxe1 24. bxa7 Ra8 25. Rxe1 Bh4 26. Rd1 Bxb5 27. Nf4 Ba6 28. Ba3 Bg5 29. Bxf8 Bxf4 30. Bc5 Bxh6 31. Rxa6 bxa6 32. Rb1 Bf4 33. Rb7 h5 34. Kg2 a5 35. Be7 a4 36. Rd7 1-0

[Event "DSOL 04 Liga Gr-A 1st"]
[Site "Playchess.com INT"]
[Date "2020.07.14"]
[Round "4.3"]
[White "Paschitta, Frank"]
[Black "Hambel, Christoph"]
[Result "0-1"]
[WhiteElo "1777"]
[BlackElo "1832"]
[PlyCount "56"]
[EventDate "2020.06.22"]
[EventType "team-tourn (rapid)"]
[EventCountry "GER"]
[SourceTitle "EXT 2021"]
[Source "ChessBase"]
[SourceDate "2020.10.23"]
[SourceVersion "1"]
[SourceVersionDate "2020.10.23"]
[SourceQuality "1"]
[WhiteTeam "Plochingen"]
[BlackTeam "Eisenberg"]
[WhiteTeamCountry "GER"]
[BlackTeamCountry "GER"]

1. e4 e6 2. d4 d5 3. Nc3 Bb4 4. e5 c5 5. a3 Bxc3+ 6. bxc3 Ne7 7. Nf3 Bd7 8. Be2 0-0 9. 0-0 Ba4 10. Rb1 b5 11. Bg5 c4 12. Qd2 Nbc6 13. h4 Qe8 14. h5 h6 15. Bxh6 gxh6 16. Qxh6 Nf5 17. Qg5+ Kh7 18. Qf6 Rg8 19. Ng5+ Rxg5 20. Qxg5 Bxc2 21. Rxb5 Ncxd4 22. cxd4 Qxb5 23. Qf6 Qd7 24. f4 Nxd4 25. Bg4 Rg8 26. Bh3 Ne2+ 27. Kh2 Ng3 28. Rf2 Ne4 0-1

[Event "DSOL 04 Liga Gr-A 1st"]
[Site "Playchess.com INT"]
[Date "2020.07.06"]
[Round "3.3"]
[White "Hambel, Christoph"]
[Black "Boswank, Thomas"]
[Result "1-0"]
[WhiteElo "1832"]
[BlackElo "1712"]
[PlyCount "59"]
[EventDate "2020.06.22"]
[EventType "team-tourn (rapid)"]
[EventCountry "GER"]
[SourceTitle "EXT 2021"]
[Source "ChessBase"]
[SourceDate "2020.10.23"]
[SourceVersion "1"]
[SourceVersionDate "2020.10.23"]
[SourceQuality "1"]
[WhiteTeam "Eisenberg"]
[BlackTeam "Dresden TuR"]
[WhiteTeamCountry "GER"]
[BlackTeamCountry "GER"]

1. e4 c6 2. d4 d5 3. e5 Bf5 4. Nc3 e6 5. g4 Bg6 6. Nge2 h6 7. Be3 Nd7 8. f4 Ne7 9. Ng3 Qc7 10. Bh3 Bh7 11. 0-0 0-0-0 12. f5 g5 13. fxe6 fxe6 14. Nh5 Ng8 15. Qf3 Bg6 16. Rf2 a6 17. Raf1 Kb8 18. Qe2 Rh7 19. Na4 c5 20. Nxc5 Bxc5 21. dxc5 Nxc5 22. Rf8 Nd7 23. Rxd8+ Qxd8 24. Bd4 Qc7 25. c3 Be8 26. Nf6 Ngxf6 27. exf6 Rf7 28. Qxe6 Qc8 29. Bg2 Rf8 30. f7 1-0

[Event "DSOL 04 Liga Gr-A 1st"]
[Site "Playchess.com INT"]
[Date "2020.06.22"]
[Round "1.3"]
[White "Hambel, Christoph"]
[Black "Moeller, Maurin"]
[Result "0-1"]
[WhiteElo "1832"]
[BlackElo "1803"]
[PlyCount "60"]
[EventDate "2020.06.22"]
[EventType "team-tourn (rapid)"]
[EventCountry "GER"]
[SourceTitle "EXT 2021"]
[Source "ChessBase"]
[SourceDate "2020.10.23"]
[SourceVersion "1"]
[SourceVersionDate "2020.10.23"]
[SourceQuality "1"]
[WhiteTeam "Eisenberg"]
[BlackTeam "Paderborn Blauer Springer II"]
[WhiteTeamCountry "GER"]
[BlackTeamCountry "GER"]

1. c4 c6 2. Nc3 d5 3. Nf3 Nf6 4. cxd5 cxd5 5. d4 Nc6 6. Bg5 e6 7. e3 Be7 8. a3 0-0 9. Bd3 a6 10. Qc2 h6 11. Bh4 Na5 12. Ne5 Bd7 13. 0-0 b5 14. f4 Nc4 15. Bxc4 bxc4 16. f5 Rb8 17. fxe6 fxe6 18. Ne2 Ne4 19. Bxe7 Qxe7 20. Rxf8+ Rxf8 21. Ng6 Qg5 22. Nef4 Rb8 23. Rf1 Rb3 24. Qe2 Bb5 25. h4 Qg3 26. Rf3 c3 27. Rxg3 Bxe2 28. bxc3 Nxg3 29. Kf2 Bh5 30. Nxe6 Ne4+ 0-1

[Event "Frankfurt-chA"]
[Site "Frankfurt"]
[Date "2019.05.06"]
[Round "2"]
[White "Stelzer, Harald"]
[Black "Hambel, Christoph"]
[Result "1-0"]
[WhiteElo "2155"]
[BlackElo "1719"]
[PlyCount "49"]
[EventDate "2019.04.29"]
[EventType "swiss"]
[EventRounds "7"]
[EventCountry "GER"]
[SourceTitle "EXT 2020"]
[Source "ChessBase"]
[SourceDate "2019.10.17"]
[SourceVersion "1"]
[SourceVersionDate "2019.10.17"]
[SourceQuality "1"]

1. e4 c5 2. Nf3 e6 3. d4 cxd4 4. Nxd4 Bc5 5. Nb3 Bb6 6. Nc3 Ne7 7. Bf4 Ng6 8. Bd6 Qf6 9. Qd2 Nc6 10. f4 e5 11. f5 Nf4 12. Ba3 Ne7 13. 0-0-0 0-0 14. g3 Nh5 15. Be2 g6 16. Rhf1 Re8 17. Bxh5 gxh5 18. Bxe7 Qxe7 19. Nd5 Qd6 20. f6 Qf8 21. Rf5 Kh8 22. Rxh5 d6 23. Qg5 Qg8 24. Qh4 Bg4 25. Rg5 1-0

[Event "Heusenstamm Sparkassen op-B 4th"]
[Site "Heusenstamm"]
[Date "2017.11.26"]
[Round "6"]
[White "Hambel, Christoph"]
[Black "Haftmann, Rainer"]
[Result "1/2-1/2"]
[WhiteElo "1679"]
[BlackElo "1768"]
[PlyCount "59"]
[EventDate "2017.11.23"]
[EventType "swiss"]
[EventRounds "7"]
[EventCountry "GER"]
[SourceTitle "EXT 2019"]
[Source "ChessBase"]
[SourceDate "2018.10.10"]
[SourceVersion "1"]
[SourceVersionDate "2018.10.10"]
[SourceQuality "1"]

1. e4 e5 2. Nf3 Nc6 3. d4 exd4 4. Bc4 Nf6 5. 0-0 Nxe4 6. Re1 d5 7. Bxd5 Qxd5 8. Nc3 Qa5 9. Rxe4+ Be6 10. Ne2 0-0-0 11. Nexd4 Nxd4 12. Rxd4 Bc5 13. Rxd8+ Rxd8 14. Bd2 Qb6 15. Qe2 h6 16. b4 Bd4 17. Nxd4 Qxd4 18. Be3 Qg4 19. f3 Qg6 20. Qf2 b6 21. a4 Kb8 22. Bd4 Bc4 23. a5 Qd6 24. c3 f6 25. axb6 cxb6 26. Qe1 Kb7 27. Qe4+ Bd5 28. Qe2 Rd7 29. Bf2 Qc6 30. Bd4 1/2-1/2

[Event "Heusenstamm Sparkassen op-B 4th"]
[Site "Heusenstamm"]
[Date "2017.11.26"]
[Round "7"]
[White "Hambel, Christoph"]
[Black "John, Volkmar"]
[Result "1/2-1/2"]
[WhiteElo "1679"]
[BlackElo "1796"]
[PlyCount "31"]
[EventDate "2017.11.23"]
[EventType "swiss"]
[EventRounds "7"]
[EventCountry "GER"]
[SourceTitle "EXT 2019"]
[Source "ChessBase"]
[SourceDate "2018.10.10"]
[SourceVersion "1"]
[SourceVersionDate "2018.10.10"]
[SourceQuality "1"]

1. e4 c5 2. c4 Nc6 3. Nc3 Nf6 4. d3 e6 5. g3 d5 6. exd5 exd5 7. Bg2 dxc4 8. dxc4 Qxd1+ 9. Nxd1 Nd4 10. Ne3 Bd6 11. Nf3 Nxf3+ 12. Bxf3 0-0 13. 0-0 Rb8 14. b3 Be5 15. Rb1 b6 16. Bb2 1/2-1/2

[Event "Heusenstamm Sparkassen op-B 4th"]
[Site "Heusenstamm"]
[Date "2017.11.25"]
[Round "4"]
[White "Hambel, Christoph"]
[Black "Bach, Oliver"]
[Result "0-1"]
[WhiteElo "1679"]
[BlackElo "1599"]
[PlyCount "94"]
[EventDate "2017.11.23"]
[EventType "swiss"]
[EventRounds "7"]
[EventCountry "GER"]
[SourceTitle "EXT 2019"]
[Source "ChessBase"]
[SourceDate "2018.10.10"]
[SourceVersion "1"]
[SourceVersionDate "2018.10.10"]
[SourceQuality "1"]

1. e4 d6 2. Nc3 Nf6 3. f4 g6 4. Nf3 Bg7 5. Bc4 0-0 6. 0-0 c6 7. d3 b5 8. Bb3 b4 9. Ne2 Qb6+ 10. Kh1 Ng4 11. d4 Ba6 12. c3 Qb5 13. c4 Qb6 14. h3 Nf6 15. Qc2 Nh5 16. Be3 Nd7 17. Rad1 Rad8 18. Bg1 Qc7 19. Bh2 e6 20. e5 Bh8 21. g4 Ng7 22. exd6 Qxd6 23. f5 Qe7 24. c5 exf5 25. Rde1 Qe4 26. Qxe4 fxe4 27. Ng5 Ne6 28. Nxe6 fxe6 29. Bxe6+ Kg7 30. Rxf8 Nxf8 31. Bb3 h6 32. Rf1 g5 33. Rf7+ Kg6 34. Ng3 e3 35. Nf5 Re8 36. Ne7+ Rxe7 37. Rxe7 Bxd4 38. Bg1 Bxc5 39. Re5 Bd4 40. Re4 c5 41. Bd5 e2 42. b3 Bd3 43. Re7 Kf6 44. Re8 Nd7 45. Re6+ Kg7 46. Bf3 Kf7 47. Bd5 Nf6 0-1

[Event "Frankfurt-chA"]
[Site "Frankfurt"]
[Date "2017.06.12"]
[Round "7"]
[White "Hambel, Christoph"]
[Black "Grossjohann, Daniel"]
[Result "1/2-1/2"]
[WhiteElo "1637"]
[BlackElo "1852"]
[PlyCount "85"]
[EventDate "2017.04.24"]
[EventType "swiss"]
[EventRounds "7"]
[EventCountry "GER"]
[SourceTitle "EXT 2018"]
[Source "ChessBase"]
[SourceDate "2017.10.13"]
[SourceVersion "1"]
[SourceVersionDate "2017.10.13"]
[SourceQuality "1"]

1. c4 Nf6 2. Nc3 e5 3. g3 c6 4. Bg2 Be7 5. e4 0-0 6. d3 d6 7. Nge2 Na6 8. 0-0 Ne8 9. Be3 f5 10. d4 Be6 11. d5 Bd7 12. exf5 c5 13. f4 Rxf5 14. a3 exf4 15. Nxf4 Bg5 16. Qd3 Bxf4 17. Bxf4 Rf7 18. Ne4 Bf5 19. Rae1 Bg6 20. Qd2 Nac7 21. Ng5 Re7 22. Ne6 Nxe6 23. dxe6 Qc7 24. Bg5 Nf6 25. Rxf6 gxf6 26. Bxf6 Rf8 27. Qg5 Rfe8 28. h4 Rxe6 29. Bd5 Qf7 30. Rxe6 Rxe6 31. Bc3 Kf8 32. Bxe6 Qxe6 33. h5 Bd3 34. Qf4+ Ke8 35. Qf3 Bxc4 36. Qxb7 Qe3+ 37. Kg2 Qe2+ 38. Kg1 Qd1+ 39. Kh2 Qxh5+ 40. Kg1 Qd1+ 41. Kh2 Qe2+ 42. Kg1 Qe7 43. Qa8+ 1/2-1/2

[Event "Frankfurt-chA"]
[Site "Frankfurt"]
[Date "2017.05.22"]
[Round "5"]
[White "Hambel, Christoph"]
[Black "Benninger, Rudolf"]
[Result "1-0"]
[WhiteElo "1637"]
[BlackElo "1958"]
[PlyCount "71"]
[EventDate "2017.04.24"]
[EventType "swiss"]
[EventRounds "7"]
[EventCountry "GER"]
[SourceTitle "EXT 2018"]
[Source "ChessBase"]
[SourceDate "2017.10.13"]
[SourceVersion "1"]
[SourceVersionDate "2017.10.13"]
[SourceQuality "1"]

1. c4 g6 2. Nc3 Bg7 3. g3 c5 4. Bg2 Nc6 5. d3 d6 6. e4 e6 7. Nge2 Nge7 8. 0-0 0-0 9. Be3 Nd4 10. Qd2 f5 11. f4 Bd7 12. Rae1 Bc6 13. b4 a6 14. Bf2 b5 15. Nxd4 cxd4 16. Ne2 e5 17. c5 dxc5 18. bxc5 Qd7 19. fxe5 Bxe5 20. Qb4 a5 21. Qb3+ Kh8 22. Nf4 Bxf4 23. gxf4 Rad8 24. Bh4 Rde8 25. Bh3 Ng8 26. Re2 Nf6 27. Rfe1 Nh5 28. Bg5 a4 29. Qb2 Qg7 30. exf5 gxf5 31. Re7 Rxe7 32. Rxe7 Rf7 33. Rxf7 Qxf7 34. Qxd4+ Kg8 35. Qd8+ Kg7 36. Bh6+ 1-0

[Event "Frankfurt-chA"]
[Site "Frankfurt"]
[Date "2017.05.08"]
[Round "3"]
[White "Hambel, Christoph"]
[Black "Beinrucker, Markus"]
[Result "1/2-1/2"]
[WhiteElo "1637"]
[BlackElo "1887"]
[PlyCount "68"]
[EventDate "2017.04.24"]
[EventType "swiss"]
[EventRounds "7"]
[EventCountry "GER"]
[SourceTitle "EXT 2018"]
[Source "ChessBase"]
[SourceDate "2017.10.13"]
[SourceVersion "1"]
[SourceVersionDate "2017.10.13"]
[SourceQuality "1"]

1. e4 e6 2. d4 d5 3. Nd2 Nf6 4. e5 Nfd7 5. c3 c5 6. Ngf3 Nc6 7. Be2 a5 8. 0-0 Qb6 9. Qa4 Be7 10. Rd1 0-0 11. Nf1 f6 12. exf6 Nxf6 13. Bb5 cxd4 14. Nxd4 Nxd4 15. cxd4 Ne4 16. Be3 Qd6 17. f3 Nf6 18. Bd3 Bd7 19. Qc2 Rac8 20. Qd2 a4 21. a3 Nh5 22. Rac1 Bc6 23. Re1 g6 24. Qc2 Bf6 25. Qf2 Rce8 26. Bd2 Nf4 27. Bb1 Bb5 28. Bb4 Qb6 29. Bc5 Qa6 30. Bxf8 Bxf1 31. Qxf1 Bxd4+ 32. Kh1 Qxf1+ 33. Rxf1 Kxf8 34. Rc2 Be3 1/2-1/2

[Event "Heusenstamm Sparkassen op-B 3rd"]
[Site "Heusenstamm"]
[Date "2016.11.27"]
[Round "6"]
[White "Senatov, Boris"]
[Black "Hambel, Christoph"]
[Result "1-0"]
[WhiteElo "1404"]
[BlackElo "1671"]
[PlyCount "27"]
[EventDate "2016.11.27"]
[EventType "swiss"]
[EventRounds "7"]
[EventCountry "GER"]
[SourceTitle "EXT 2018"]
[Source "ChessBase"]
[SourceDate "2017.10.13"]
[SourceVersion "1"]
[SourceVersionDate "2017.10.13"]
[SourceQuality "1"]

1. e4 d5 2. exd5 Nf6 3. d4 Nxd5 4. c4 Nf6 5. Nf3 Bf5 6. Nc3 e6 7. Be2 c5 8. 0-0 Nc6 9. d5 exd5 10. cxd5 Ne7 11. Re1 Qb6 12. Bb5+ Kd8 13. Ne5 Bg6 14. Nc4 1-0

[Event "Frankfurt-chA"]
[Site "Frankfurt"]
[Date "2016.05.02"]
[Round "2"]
[White "Hambel, Christoph"]
[Black "Neubauer, Robert"]
[Result "0-1"]
[WhiteElo "1543"]
[BlackElo "1773"]
[PlyCount "85"]
[EventDate "2016.04.25"]
[EventType "swiss"]
[EventRounds "9"]
[EventCountry "GER"]
[SourceTitle "EXT 2018"]
[Source "ChessBase"]
[SourceDate "2017.10.13"]
[SourceVersion "1"]
[SourceVersionDate "2017.10.13"]
[SourceQuality "1"]

1. c4 Nf6 2. Nf3 c5 3. g3 b6 4. d3 Bb7 5. Bg2 e6 6. 0-0 d5 7. cxd5 Nxd5 8. Nc3 Be7 9. Bd2 0-0 10. a4 Nb4 11. Nb5 N8c6 12. Bc3 Nd5 13. Na3 Nxc3 14. bxc3 Bf6 15. Rc1 Na5 16. d4 Rc8 17. e3 Qe7 18. Nc2 Rfd8 19. Re1 e5 20. Qe2 exd4 21. cxd4 cxd4 22. Ncxd4 Rxc1 23. Rxc1 g6 24. Qb5 Rd5 25. Qb1 Rd7 26. Qb5 Kg7 27. Qb2 Be4 28. Nd2 Bxg2 29. Kxg2 Qd6 30. N2f3 Qd5 31. Qb4 Qe4 32. Qb5 Rd5 33. Qa6 Bxd4 34. exd4 Rxd4 35. Qxa7 Rd3 36. Qxb6 Qxf3+ 37. Kg1 Rd2 38. Qc5 Nc4 39. Rf1 Qd5 40. Qe7 Ne5 41. Qa3 Nf3+ 42. Kg2 Ne1+ 43. Kh3 0-1